000 01231nam0a22002771 4500
001 v19\rc\1575114
005 20250618205952.0
035 _a(NLR Aleph) 004703343
090 _a4098418
_c4098418
100 _a20061002d1893 |||y0rusy50 ca
101 0 _arus
102 _aRU
105 _ay z |||||
200 1 _aКак уберечься от обморожения в сильный холод
_fПо поручению С.-Петерб. гор. сан. комис., сост. сан. врачом Литейн. части Н.И. Григорьевым и рассмотрено в собр. гор. сан. врачей
210 _aСанкт-Петербург
_cС.-Петерб. гор. управа
_d1893
215 _a16 с.
_d21
300 _aНапеч. также в: Известия СПб. гор. думы, 1893, т. 112, с. 961-969
700 1 _4220
_7ca
_8rus
_aГригорьев
_bН. И.
_cд-р мед. наук
_f1853-
_gНиколай Илларионович
_9202612
_3RU\NLR\AUTH\770202663
801 0 _aRU
_bNLR
_gpsbo
801 0 _aRU
_bRuMoRGB
_2psbo
801 1 _aRU
_bProSoft-M
_2rusmarc
852 _aNLR
_j18.267.3.207
899 _aRuMoRGB
_jA 218/863
942 _cBOOK
980 _aNB